Statistics for Belts of the United States

Click here to take the quiz!

General Stats

  • This quiz has been taken 789 times
  • The average score is 6 of 10

Answer Stats

ClueBelt Region% Correct
Southern U.S. where evangelical Protestantism is prominent{Bible} Belt
89%
Midwestern states where maize is the primary crop{Corn} Belt
89%
Northeastern states where heavy industrialization is common{Rust} Belt
86%
States where a fluffy fiber is or was a primary crop{Cotton} Belt
82%
Hot weather states stretching from coast to coast{Sun} Belt
76%
Areas around the Great Lakes prone to lake-effect during cooler conditions{Snow}belt
57%
States where most of North America's grain and soybeans are grown{Wheat} Belt
40%
A region of cold weather in the northeastern and north-central U.S.{Frost} Belt
23%
A region of southern Mississippi where longleaf ____ are abundant{Pine} Belt
16%
District in southern Missouri that has a long history of mining for ____{Lead} Belt
9%

Score Distribution

Percentile by Number Answered

Percent of People with Each Score

Your Score History

You have not taken this quiz